Tortured for Christ / (Record no. 7128)

MARC details
000 -LEADER
fixed length control field 00552 a2200193 4500
003 - CONTROL NUMBER IDENTIFIER
control field GBCCL
005 - DATE AND TIME OF LATEST TRANSACTION
control field 20241126110620.0
008 - FIXED-LENGTH DATA ELEMENTS--GENERAL INFORMATION
fixed length control field 180718b ||||| |||| 00| 0 eng d
020 ## - INTERNATIONAL STANDARD BOOK NUMBER
International Standard Book Number 9789384328375
040 ## - CATALOGING SOURCE
Transcribing agency gbc
082 ## - DEWEY DECIMAL CLASSIFICATION NUMBER
Classification number 272.9092
Item number WUR
100 ## - MAIN ENTRY--PERSONAL NAME
Personal name Wurmbrand, Richard
Dates associated with a name 1909-2001
9 (RLIN) 12733
245 ## - TITLE STATEMENT
Title Tortured for Christ /
Statement of responsibility, etc. Richard Wurmbrand
250 ## - EDITION STATEMENT
Edition statement Ind. ed.
260 ## - PUBLICATION, DISTRIBUTION, ETC.
Place of publication, distribution, etc. Chennai:
Name of publisher, distributor, etc. Word of Christ Ministries,,
Date of publication, distribution, etc. 2015
300 ## - PHYSICAL DESCRIPTION
Extent x, 153 p.;
Other physical details port.,
Dimensions 20 cm.
650 ## - SUBJECT ADDED ENTRY--TOPICAL TERM
Topical term or geographic name entry element Wurmbrand, Richard
General subdivision Biography
9 (RLIN) 12734
942 ## - ADDED ENTRY ELEMENTS (KOHA)
Source of classification or shelving scheme Dewey Decimal Classification
Koha item type Books
Koha issues (borrowed), all copies 4
Holdings
Withdrawn status Lost status Source of classification or shelving scheme Damaged status Not for loan Home library Current Library Shelving location Date acquired Source of acquisition Cost, normal purchase price Total checkouts Full call number Barcode Date last seen Date last checked out Copy number Cost, replacement price Price effective from Koha item type
    Dewey Decimal Classification     GRACE BIBLE COLLEGE GRACE BIBLE COLLEGE Church History 2018-07-18 6 81.00 2 272.9092 WUR 014767 2025-05-01 2022-10-04 c.1 90.00 2018-07-10 Books
    Dewey Decimal Classification     GRACE BIBLE COLLEGE GRACE BIBLE COLLEGE Church History 2018-07-18 6 81.00 2 272.9092 WUR 014768 2025-05-01 2023-10-19 c.2 90.00 2018-07-10 Books
© Grace Bible College Library 2025